John Lyly, the humanist as courtier.

Bibliographic Details
Main Author: Hunter, G. K.
Format: Book
Language:English
Published: Cambridge : Harvard University Press, 1962.
Subjects:

MARC

Tag First Indicator Second Indicator Subfields
LEADER 00000cam a2200000 4500
001 in00000035793
005 20151007062134.0
008 720710s1962 mau b 00000 eng u
010 |a  62051846  
035 |a (OCoLC)00351653 
035 |9 AAD4049AM 
040 |c WSU  |d TXA  |d UtOrBLW 
049 |a TXAM  |c [352829] 
050 0 0 |a PR2303  |b .H8 1962a 
092 |a 822  |b L985Yk 
100 1 |a Hunter, G. K. 
245 1 0 |a John Lyly, the humanist as courtier. 
264 1 |a Cambridge :  |b Harvard University Press,  |c 1962. 
300 |a ix, 376 pages ;  |c 23 cm. 
336 |a text  |b txt  |2 rdacontent 
337 |a unmediated  |b n  |2 rdamedia 
338 |a volume  |b nc  |2 rdacarrier 
504 |a Bibliographical references includes in "Notes" (pages 350-366). 
600 1 0 |a Lyly, John,  |d 1554?-1606. 
999 |a MARS 
999 f f |s 9ae937c3-aec6-36dc-a49e-e17ff3e91b21  |i a7899239-0d81-3341-93f5-114bcb05023e  |t 0 
952 f f |p normal  |a Texas A&M University  |b College Station  |c Sterling C. Evans Library  |d Evans: Library Stacks  |t 0  |e PR2303 .H8 1962a  |h Library of Congress classification  |i unmediated -- volume  |m A14801298158 
998 f f |a PR2303 .H8 1962a  |t 0  |l Evans: Library Stacks